[Event "VIII Open Primavera Vomero"]
[Site "Napoli ITA"]
[Date "2011.04.29"]
[Round "7"]
[White "Lombardo, Michele"]
[Black "Rosato, Luciano"]
[Result "0-1"]
[WhiteElo "2030"]
[BlackElo "2278"]
[PlyCount "82"]
[EventDate "2011.03.11"]

1. b3 e5 2. Bb2 Nc6 3. g3 d5 4. Bg2 Nf6 5. e3 Bg4 6. Ne2 Qd7 7. h3 Be6 8. d4 e4
9. Ba3 Bxa3 10. Nxa3 O-O 11. Nb1 h6 12. Nd2 Ne7 13. c4 c6 14. Qc2 Nh7 15. b4
Ng5 16. Nf4 Bf5 17. a4 Ng6 18. h4 Nxf4 19. gxf4 Nf3+ 20. Bxf3 exf3 21. Qc3 a5
22. bxa5 Qd8 23. cxd5 cxd5 24. Nb3 Rc8 25. Nc5 Qf6 26. Qb4 Qg6 27. Kd2 Qg2 28.
Raf1 Rc7 29. Qb6 Rc6 30. Qxb7 Qg6 31. Rc1 Rfc8 32. Qe7 Rb8 33. Rhg1 Bg4 34. Rc2
h5 35. Qe5 Rd8 36. Qg5 Qd6 37. Rxg4 hxg4 38. Qxg4 Qc7 39. a6 Rb8 40. Qxf3 Qa5+
41. Kc1 Qe1+ 0-1

[Event "VIII Open Primavera Vomero"]
[Site "Napoli ITA"]
[Date "2011.04.29"]
[Round "7"]
[White "Marturano, Giampiero"]
[Black "Franzese, Luigi"]
[Result "1-0"]
[WhiteElo "2068"]
[BlackElo "1890"]
[PlyCount "75"]
[EventDate "2011.03.11"]

1. e4 c6 2. d4 d5 3. e5 Bf5 4. c4 dxc4 5. Bxc4 e6 6. Nc3 Nd7 7. Nge2 Nb6 8. Bd3
Bxd3 9. Qxd3 Ne7 10. Bg5 Qc7 11. O-O-O Ned5 12. f4 Be7 13. Bxe7 Nxe7 14. Ne4
O-O 15. Ng5 Ng6 16. h4 Rfd8 17. h5 Nf8 18. Ne4 c5 19. Kb1 cxd4 20. Nd6 Nd5 21.
Rc1 Qb6 22. Nxd4 Nxf4 23. Qd2 Rxd6 24. exd6 Qxd6 25. g3 Nd5 26. Qf2 Rd8 27.
Rhf1 Nf6 28. Rcd1 Qb6 29. h6 N8d7 30. hxg7 e5 31. Nf5 Qxf2 32. Rxf2 h5 33. Rh2
Rc8 34. Rxd7 Re8 35. g4 e4 36. g5 Nh7 37. g6 Ng5 38. Rxh5 1-0

[Event "VIII Open Primavera Vomero"]
[Site "Napoli ITA"]
[Date "2011.04.29"]
[Round "7"]
[White "Zinnai, Graziano Matteo"]
[Black "Esposito, Pino"]
[Result "1-0"]
[WhiteElo "1807"]
[BlackElo "1859"]
[PlyCount "91"]
[EventDate "2011.03.11"]

1. e4 c5 2. Nf3 d6 3. c3 Nf6 4. Be2 Bd7 5. d3 g6 6. O-O Bg7 7. Nbd2 O-O 8. Qc2
Nc6 9. Re1 Re8 10. Nf1 Rb8 11. h3 b5 12. Be3 a5 13. Ng3 Qc8 14. d4 cxd4 15.
cxd4 Nb4 16. Qd2 Rb7 17. Rac1 Rc7 18. Rxc7 Qxc7 19. a3 Na6 20. Rc1 Qb7 21. Qxa5
Ra8 22. e5 Nd5 23. Qd2 Nxe3 24. Qxe3 Nc7 25. exd6 Nd5 26. Qb3 exd6 27. Ng5 Rf8
28. Bf3 Be6 29. Nxe6 fxe6 30. Re1 Rxf3 31. Qxf3 Qd7 32. Qd3 Nf4 33. Qe4 e5 34.
dxe5 Bxe5 35. Ne2 Ne6 36. Nc3 Kg7 37. Qd5 Nf4 38. Qxb5 Qf5 39. Qb7+ Kh6 40. Qf3
Qc2 41. Nd5 Nd3 42. Rf1 Nxb2 43. Qf8+ Bg7 44. Qf4+ g5 45. Qxd6+ Kh5 46. g4+ 1-0